00693nam a2200157 a 450000100100000000500170001000800410002702000180006804000250008610000310011124502260014224600370036826000810040530000190048650400300050500003930920201002031605.0130621s2013 dr 000 0 spa d a9789945008111 aDO-SdBNPbspacBNPHU1 aPiña Martínez, Alfredo10aGuía turística del modelo universal de algunas garantías minimas a los derechos fundamentales del debido proceso en la moderna constitución de 2010 de la República Dominicana =bTourist guide due process of law.10aTourist guide due process of law aSan Francisco de Macorís, República Dominicana :bImprenta Primo,c2013. a98 p. ;c21cm. aBibliografía : p. 93-98